| 000 | 00380nam a2200133Ia 4500 | ||
|---|---|---|---|
| 008 | 230917s9999||||xx |||||||||||||| ||und|| | ||
| 040 |
_e92838 _aMAIN |
||
| 041 | _aEnglish | ||
| 082 | _a616.07 G959E | ||
| 100 | _aGupta, Bharti | ||
| 245 | 0 | _aEvaluation of fine needle cytodiagnosis in lesions of palpable prostate, lymph node and abdominal lump | |
| 300 | _a102 p. | ||
| 942 | _cTH | ||
| 999 |
_c50642 _d50642 |
||